Villes ayant un club en Ligue 1 de Football - Mort Subite - Statistiques

Statistiques générales
  • Ce quiz a été pris 15 303 fois
    4 761 depuis la dernière actualisation
  • Le résultat moyen est 10 sur 17
Answers on the Grid
Answers color-coded by a green-red scale on the quiz's grid according to % correct below.
Paris
Marseille
Lyon
Lille
Toulouse
Nice
Montpellier
Bordeaux
Nantes
Brest
Rennes
Caen
Rouen
Amiens
Auxerre
Metz
Nancy
Reims
Strasbourg
Mulhouse
Dijon
Besançon
Montbéliard
Lens
Tours
Orléans
Angers
Grenoble
Saint-Etienne
Toulon
Avignon
Nîmes
Clermont-Ferrand
La Rochelle
Pau
Limoges
Poitiers
Le Mans
Lorient
Annecy
Monaco
Le Havre
 
Statistiques - réponses
Réponse % Correct
Lyon
66%
Paris
66%
Lille
65%
Monaco
65%
Lens
64%
Marseille
64%
Nice
63%
Rennes
63%
Strasbourg
62%
Brest
61%
Nantes
61%
Toulouse
61%
Le Havre
56%
Auxerre
55%
Angers
54%
Metz
54%
Lorient
53%
Aucun quiz correspondant
Distribution des résultats
% des personnes avec chaque résultat
Percentile par nombre de réponses
Votre historique - résultats
Vous n’avez pas pris ce quiz depuis la dernière actualisation